000
00305nam a2200121Ia 4500
008
240624s9999 xx 000 0 und d
041
_a
eng
082
_a
332.63 CON
100
_a
CONT RAMA
245
_a
ENCYCLOPEDIA OF QUANTITATIVE FINANCE I
260
_c
2010
_a
Sussex
_b
John Wiley
_
Sons
365
_c
_b
27
999
_c
18404
_d
18404